000 00588nam a2200169 i 4500
001 64979
003 ES-MaACL
007 t|
008 040107s1981 sp ||||1| spa d
020 _a84-600-2406-7
100 1 _aFoz y Foz, Pilar.
_952046
245 1 3 _aLa revolución pedagógica en Nueva España
_b: 1754-1820 : (María Ignacia de Azlor y Echeverz y los colegios de la enseñanza) /
_cPilar Foz y Foz.
260 _aMadrid :
_bInstituto Gonzalo Fernández de Oviedo,
_c1981.
300 _a2 v.
500 _aEl v. 2: Apéndice documental.
852 _aES-MaACL
_jL-8685-6
_bR.109320
999 _c64979
_d64979